| 000 | 00854nam a2200241 i 4500 | ||
|---|---|---|---|
| 001 | 186109 | ||
| 003 | ES-MaACL | ||
| 005 | 20231205193252.0 | ||
| 008 | 160909s1948 sp |||| | spa d | ||
| 080 | _a821.134.2-14"19" | ||
| 100 | 1 |
_aDiego, Gerardo, _d1896-1987 _944545 |
|
| 245 | 1 | 0 |
_aSoria / _cGerardo Diego ; ilustraciones de Pedro de Matheu. |
| 246 | 2 | _aRetr. del autor | |
| 250 | _a1ª ed. | ||
| 260 |
_aSantander ; _aMadrid : _bAntonio Zuñiga, _c1948. |
||
| 300 |
_a161 p., [6] h. de lám. ; _c23 cm. |
||
| 490 | 1 |
_aColección El viento sur ; _v2 |
|
| 700 | 1 |
_aMatheu, Pedro de ( _d1900-1965) _9160775 |
|
| 830 | 0 |
_aColección El viento sur ; _v2 _9184437 |
|
| 852 |
_aES-MaACL _jE-4773 _xEjemplar nº 22 de una tirada de 125 y con la firma autógrafa del autor y del ilustrador |
||
| 942 | _2udc | ||
| 999 |
_c186109 _d186109 |
||